Métro parisien : La réponse est une station (2) - Statistiques

Statistiques générales
  • Ce quiz a été pris 171 fois
  • Le résultat moyen est 10 sur 20
Statistiques - réponses
Indice Ligne Station % Correct
Capitale italienne Rome
94%
Elle permet à Proust de se rappeler son enfance Madeleine
90%
Les lois y sont votées Assemblée nationale
85%
Individus blessés Invalides
77%
Figure importante du socialisme en France Jaurès
63%
Édifice antique pour la pratique musicale Odéon
61%
Prix remis aux auteurs d'expression française Goncourt
58%
Selon les Inconnus, Auteuil, Neuilly, ... Passy
58%
Union harmonieuse entre plusieurs entités Concorde
53%
Une fleur très populaire en parfumerie Jasmin
44%
Définit l'échange de marchandises Commerce
42%
Instrument agricole La Fourche
37%
Il fait paître le bétail Pasteur
37%
Chanteuse de "Chapeau bas" en 1964 Barbara
36%
Il a perdu la tête Robespierre
32%
Ils acceptent de le faire Volontaires
32%
Navigation pratiquée à titre de loisir Plaisance
23%
Il voulut être César, il ne fut que Pompée Félix Faure
20%
Matériau léger et imperméable Liège
17%
Il était partisan d'une monarchie constitutionnelle Mirabeau
7%
Aucun quiz correspondant
Distribution des résultats
% des personnes avec chaque résultat
Percentile par nombre de réponses
Votre historique - résultats
Vous n’avez pas pris ce quiz